American economic history

Αποθηκεύτηκε σε:
Λεπτομέρειες βιβλιογραφικής εγγραφής
Κύριος συγγραφέας: Hughes, Jonathan R. T.
Άλλοι συγγραφείς: Cain, Louis P.
Μορφή: Βιβλίο
Γλώσσα:English
Δημοσίευση: Boston : Pearson Addison Wesley, 2007
Έκδοση:7th ed.
Σειρά:Addison-Wesley series in economics
Θέματα:
Ετικέτες: Προσθήκη ετικέτας
Δεν υπάρχουν, Καταχωρήστε ετικέτα πρώτοι!

MARC

LEADER 00000nam a2200000 i 4500
001 1/48862
008 070723s2007 eng d
020 |a 0-321-27889-5 (hbk.) 
035 |l 10089033 
040 |a GR-MY-UA  |b gre  |e aacr 
041 0 |a eng 
082 0 |a 330.973  |2 (22) 
100 1 |a Hughes, Jonathan R. T. 
245 1 0 |a American economic history /  |c Jonathan Hughes, Louis P. Cain 
250 |a 7th ed.  
260 |a Boston :   |b Pearson Addison Wesley,   |c 2007 
300 |a xxi, 696 σ.;  |b εικ.;  |c 24 εκ. 
490 1 |a The Addison-Wesley series in economics 
504 |a Περιέχει βιβλιογραφία και ευρετήριο 
651 0 |a United States  |x Economic conditions. 
700 1 |a Cain, Louis P. 
830 0 |a Addison-Wesley series in economics 
852 |a INST  |b LESVOS  |e 20070723  |h 330.973 HUG  |p 005100037804  |q 005100037804  |t BK  |y 0 
901 |a BIBL1-2007-2 
909 |a Λ  |b 136870 
922 |a 1ΕΛΗ  |b 200707  |c ΕΠΕΑΕΚ2/ΤΚ  |d ΕΛΕΥΘΕΡΟΥΔΑΚΗΣ 
970 |a ΒΑΡΚΑ  |b ΕΛΕΥΘΕΡΙΑ  |z 2007/07/23